000 00626nam a2200229Ia 4500
003 OSt
005 20220923230155.0
006 a|||||r|||| 00| 0
007 ta
008 Pun
024 _a278,019
037 _cTextual
040 _aARTS
_cARTS
_bPun
041 _2Pun
_aPun
082 _aO153,1x, J8
100 _aਕੋਹਲੀ, ਸੁਰਿੰਦਰ ਸਿੰਘ
_9156370
245 0 _aਫੁੱਲ ਪਤੀਆਂ
260 _c1958
650 _aਪੰਜਾਬੀ ਸਾਹਿਤ
942 _hO153,1x, J8
_cTEXL
_2CC
999 _c383023
_d383023